Fourth five-year plan: annual plan. (Record no. 81290)
[ view plain ]
| 000 -LEADER | |
|---|---|
| fixed length control field | 00618cam a22002291 4500 |
| 001 - CONTROL NUMBER | |
| control field | sa 68006375 |
| 003 - CONTROL NUMBER IDENTIFIER | |
| control field | DLC |
| 005 - DATE AND TIME OF LATEST TRANSACTION | |
| control field | 20260227112516.0 |
| 008 - FIXED-LENGTH DATA ELEMENTS--GENERAL INFORMATION | |
| fixed length control field | 710915m19669999ii 000 0 eng |
| 010 ## - LIBRARY OF CONGRESS CONTROL NUMBER | |
| LC control number | sa 68006375 |
| 025 ## - OVERSEAS ACQUISITION NUMBER | |
| Overseas acquisition number | PL480:I-E-9288 |
| 040 ## - CATALOGING SOURCE | |
| Original cataloging agency | DLC |
| Transcribing agency | DLC |
| Modifying agency | DLC |
| 043 ## - GEOGRAPHIC AREA CODE | |
| Geographic area code | a-ii--- |
| 050 00 - LIBRARY OF CONGRESS CALL NUMBER | |
| Classification number | HC437.A73 |
| Item number | A534 |
| 082 00 - DEWEY DECIMAL CLASSIFICATION NUMBER | |
| Classification number | 309.2/5/095484 |
| 110 1# - MAIN ENTRY--CORPORATE NAME | |
| Corporate name or jurisdiction name as entry element | Andhra Pradesh, India. |
| Subordinate unit | Planning Department. |
| 245 10 - TITLE STATEMENT | |
| Title | Fourth five-year plan: annual plan. |
| 260 ## - PUBLICATION, DISTRIBUTION, ETC. | |
| Place of publication, distribution, etc. | Hyderabad |
| Date of publication, distribution, etc. | [1966- |
| 300 ## - PHYSICAL DESCRIPTION | |
| Extent | v. |
| Dimensions | 25 cm. |
| 505 1# - FORMATTED CONTENTS NOTE | |
| Formatted contents note | v. [1] 1966-67. |
| 651 #0 - SUBJECT ADDED ENTRY--GEOGRAPHIC NAME | |
| Geographic name | Andhra Pradesh (India) |
| General subdivision | Economic policy. |
No items available.